Gaming Quiz

Random Gaming or Video Games Quiz

Final Fantasy VII Materia Quiz Stats

 Plays Quiz Updated Dec 9, 2013

     
Support Sporcle.
Go Orange.
Score 0/80 Timer 10:00
0 Plays Today
% Correct
Fire
95.6%
Ice
91.6%
Lightning
84.2%
Shiva
83.9%
Ifrit
82.5%
Bahamut
79.7%
Knights of Round
78.2%
Heal
74.4%
Steal
74%
All
72.5%
Bahamut ZERO
71.2%
Neo Bahamut
69.7%
Ramuh
68.2%
Earth
66.9%
Poison
65.5%
Choco/Mog
63.8%
Titan
63.2%
Odin
62.4%
Enemy Skill
62.3%
Ultima
62.2%
Leviathan
61.3%
HP Plus
59.5%
Restore
58.1%
MP Plus
58%
Alexander
58%
Hades
57.3%
Phoenix
53.8%
Time
53.5%
Barrier
53.3%
Comet
53%
Revive
51.9%
Kjata
51.7%
Elemental
50.6%
Typoon
50.5%
Counter
50.3%
Deathblow
49.6%
Mime
49.4%
Double Cut
49.1%
Gravity
48.5%
W-Item
47.2%
% Correct
W-Summon
46.2%
Throw
45.9%
Chocobo Lure
45%
W-Magic
44.6%
Sense
44.5%
Slash-All
44.2%
Cover
43.4%
Contain
42.8%
Manipulate
41.6%
Transform
41%
Added Effect
40.7%
Destruct
40.6%
Luck Plus
40.5%
Underwater
40.2%
Morph
39.9%
Quadra Magic
39.5%
Shield
38.9%
HP-MP
38.9%
Full Cure
38.5%
Magic Plus
38.1%
Final Attack
37.4%
Counter Attack
35.3%
Seal
35.2%
Speed Plus
33.7%
MP Absorb
33.7%
Long Range
33.6%
Enemy Lure
33.5%
Mega All
33.5%
HP Absorb
33.2%
Added Cut
32.8%
Steal As Well
32.2%
Enemy Away
31.9%
EXP Plus
31.8%
Mystify
31.7%
Exit
31.7%
Gil Plus
30.5%
MP Turbo
30%
Magic Counter
29.1%
Pre-Emptive
26.1%
Sneak Attack
23.8%

From the Vault

Miscolored Films

by geshmonkey

Movies 2m
This quiz would have been impossible before Technicolor.
Remove Ads.
Support Sporcle.
Get the best of Sporcle when you Go Orange. This ad-free experience offers more features, more stats, and more fun while also helping to support Sporcle. Thank you for becoming a member.

Show Comments

Extras

Top Quizzes Today


Score Distribution

Your Account Isn't Verified!

In order to create a playlist on Sporcle, you need to verify the email address you used during registration. Go to your Sporcle Settings to finish the process.

Report this User

Report this user for behavior that violates our Community Guidelines.

Details: